LEADER 01479oam 2200385 a 450 001 9910696873503321 005 20231102212451.0 035 $a(CKB)5470000002382145 035 $a(OCoLC)79627378 035 $a(EXLCZ)995470000002382145 100 $a20070123d2006 ua 0 101 0 $aeng 135 $aurbn||||||||| 181 $ctxt$2rdacontent 182 $cc$2rdamedia 183 $acr$2rdacarrier 200 10$aChanges in fire-killed western larch on the Glacier View Ranger District (Flathead National Forest), Montana$iYear five report /$fMarcus Jackson 210 1$aMissoula, MT :$cU.S. Dept. of Agriculture, Forest Service, Northern Region, Forest Health Protection,$d[2006] 215 $a7 pages $cdigital, PDF file 225 1 $aNumbered report ;$v06-12 300 $a"December 2006." 320 $aIncludes bibliographical references (page 7). 606 $aWestern larch$xEffect of fires on$zMontana$zGlacier View Ranger District 606 $aForest fires$xEnvironmental aspects$zMontana$zGlacier View Ranger District 615 0$aWestern larch$xEffect of fires on 615 0$aForest fires$xEnvironmental aspects 700 $aJackson$b Marcus Benjamin$01389522 801 0$bORE 801 1$bORE 801 2$bMTG 801 2$bGPO 906 $aBOOK 912 $a9910696873503321 996 $aChanges in fire-killed western larch on the Glacier View Ranger District (Flathead National Forest), Montana$93441147 997 $aUNINA